00358nam a22001337a 450000500170000000800410001702000160005808200210007410000190009524500450011426000400015930000110019965000140021020240209030458.0240209b |||||||| |||| 00| 0 eng d a8185107734. 222a306.85bKAM. aBhasin, Kamla. aWhat is patriarchy? .,cKamla, bhasin. aNew Delhi :bKali for women,c1993. a41 p., aFeminism.